The world economy : (Record no. 2378)

MARC details
000 -LEADER
fixed length control field 00747cam a2200229 4500
001 - CONTROL NUMBER
control field 2960
005 - DATE AND TIME OF LATEST TRANSACTION
control field 20181127170139.0
008 - FIXED-LENGTH DATA ELEMENTS--GENERAL INFORMATION
fixed length control field 990216s2000 txua b 001 0 eng
010 ## - LIBRARY OF CONGRESS CONTROL NUMBER
LC control number 99061159
020 ## - INTERNATIONAL STANDARD BOOK NUMBER
International Standard Book Number 0030261864
100 1# - MAIN ENTRY--PERSONAL NAME
Personal name Yarbrough, Beth V.
245 14 - TITLE STATEMENT
Title The world economy :
Remainder of title trade and finance /
Statement of responsibility, etc. Beth V. Yarbrough, Robert M. Yarbrough.
250 ## - EDITION STATEMENT
Edition statement 5th ed.
260 ## - PUBLICATION, DISTRIBUTION, ETC.
Place of publication, distribution, etc. Fort Worth :
Name of publisher, distributor, etc. Harcourt College Publishers,
Date of publication, distribution, etc. 2000.
300 ## - PHYSICAL DESCRIPTION
Extent xxviii, 957 p. :
Other physical details ill. (some co.) ;
Dimensions 25 cm.
504 ## - BIBLIOGRAPHY, ETC. NOTE
Bibliography, etc. note Includes bibliographical references and indexes.
650 #0 - SUBJECT ADDED ENTRY--TOPICAL TERM
Topical term or geographic name entry element Commercial policy.
Topical term or geographic name entry element Economic policy.
Topical term or geographic name entry element International economic relations.
Topical term or geographic name entry element International finance.
700 1# - ADDED ENTRY--PERSONAL NAME
Personal name Yarbrough, Robert M.
Holdings
Withdrawn status Lost status Source of classification or shelving scheme Damaged status Not for loan Collection code Home library Current library Shelving location Date acquired Serial Enumeration / chronology Inventory number Total Checkouts Total Renewals Full call number Barcode Date last seen Date last checked out Price effective from Koha item type
    Dewey Decimal Classification     Main TEST RTC Library RTC Library Main opac 01/03/2021 124 4 1 337 YAR 30000271 19/08/2022 12/08/2022 27/11/2018 Main
Royal Thimphu College || All Right Reserved